| 000 | 00617nam a22001577a 4500 | ||
|---|---|---|---|
| 005 | 20120518160037.0 | ||
| 020 |
_a817141429X _c525.00 |
||
| 035 | _aA-945517 | ||
| 037 |
_aDPL _bENG |
||
| 245 |
_aDevelopment of women entrepreneurship in India : _bProblems and prospects _cedited by C. Swarajya Lakshmi |
||
| 260 |
_aNew Delhi _bDiscovery Publishing House _c1998 |
||
| 300 |
_axxi, 275p. _c20 cms. |
||
| 700 |
_aLakshmi, C. Swarajya _947382 |
||
| 942 |
_2ddc _cEN _h338.04 _mSWA |
||
| 999 |
_c66864 _d66864 |
||